000 00723nam a22002297a 4500
999 _c4302
_d4302
001 4302
003 BD-JhCC
005 20171125211257.0
008 171125r19762004bg ao||| |||| 000 0 ben d
020 _a9840744372
035 _a(BD-JhCC)4302
040 _aBD-JhCC
_dBD-JhCC
041 _aben
082 _a632
_bASH 2004
100 _aআশরাফুজ্জামান, হাসান
245 _aশস্যের রোগ /
_cহাসান আশরাফুজ্জামান
260 _aঢাকা :
_bবাংলা একাডেমী ,
_c২০০৪ .
300 _a৩৯১ পৃ. :
_bill. ;
_c২২ সেমি.
650 _aPlant Diseases
942 _2ddc
_cBK